Geometry : a metric approach with models /

Guardado en:
Autor Principal: Millman, Richard S., 1945-
Otros Autores: Parker, George D., 1945-
Formato: Libro
Idioma:English
Publicado: New York : Springer-Verlag, c1981.
Series:Undergraduate texts in mathematics
Materias:
Etiquetas: Agregar Etiqueta
Sin Etiquetas, Sea el primero en etiquetar este registro!
LEADER 01058pam a2200241 a 4500
001 MAT.inmabb003500
008 810527s1981####nyua#####b####001#0#eng##
005 20130311112428.0
245 1 0 |a Geometry :  |b a metric approach with models /  |c Richard S. Millman, George D. Parker. 
260 |a New York :  |b Springer-Verlag,  |c c1981. 
300 |a x, 355 p. :  |b il. ;  |c 25 cm. 
440 0 |a Undergraduate texts in mathematics 
504 |a Bibliografía: p. 344-345. 
505 0 |a 1. Preliminary notions -- 2. Incidence and metric geometry -- 3. Betweenness and elementary figures -- 4. Plane separation -- 5. Angle measure -- 6. Neutral geometry -- 7. The theory of parallels -- 8. Hyperbolic geometry -- 9. Euclidean geometry -- 10. Area -- 11. The theory of isometries. 
510 4 |a MR,  |c 84j:51002 
020 |a 038790610X 
100 1 |a Millman, Richard S.,  |d 1945- 
700 1 |a Parker, George D.,  |d 1945- 
650 0 |a Geometry. 
084 |a 51-01 (51M05 51M10)  |2 msc2000 
010 |a  81008883  
040 |a DLC  |c DLC  |d DLC 
859 |h 51  |i M655  |p A-6044  |b BIB. MATEMATICA